[Event "Ontario-ch U20"]
[Site "Mississauga"]
[Date "2019.01.13"]
[Round "4.2"]
[White "Vettese, Nicholas"]
[Black "Papneja, Arul"]
[Result "1-0"]
[WhiteElo "2444"]
[BlackElo "1999"]
[PlyCount "79"]
[EventDate "2019.01.12"]
[EventType "swiss"]
[EventRounds "5"]
[EventCountry "CAN"]
[SourceTitle "EXT 2022"]
[Source "ChessBase"]
[SourceDate "2021.10.06"]
[SourceVersion "1"]
[SourceVersionDate "2021.10.06"]
[SourceQuality "1"]

1. e4 e6 2. d4 d5 3. Nc3 Nf6 4. Bg5 Be7 5. e5 Nfd7 6. Bxe7 Qxe7 7. f4 a6 8. Nf3 c5 9. Qd2 Nc6 10. dxc5 Qxc5 11. 0-0-0 b5 12. Ne2 Nb6 13. Ned4 Nxd4 14. Nxd4 Bd7 15. h4 Nc8 16. g4 Ne7 17. Bh3 Nc6 18. Nxc6 Qxc6 19. f5 0-0-0 20. Qg5 g6 21. h5 gxf5 22. gxf5 Rdg8 23. Qe7 exf5 24. Qxf7 Qe6 25. Qxe6 Bxe6 26. Rhg1 Kc7 27. Rdf1 Rxg1 28. Rxg1 Rf8 29. Rg7+ Rf7 30. Rxf7+ Bxf7 31. Bxf5 Bxh5 32. Bxh7 Bf7 33. Kd2 Be6 34. Kc3 Kb6 35. Kd4 Kc6 36. Bg6 Kb6 37. c3 Kc6 38. Bh5 Kb6 39. Bf3 Kc6 40. b3 1-0

[Event "Guelph Fall Pro-Am"]
[Site "Guelph"]
[Date "2018.10.27"]
[Round "2.1"]
[White "Migot, Tangi"]
[Black "Papneja, Arul"]
[Result "1-0"]
[WhiteElo "2401"]
[BlackElo "2011"]
[PlyCount "67"]
[EventDate "2018.10.27"]
[EventType "swiss"]
[EventRounds "5"]
[EventCountry "CAN"]
[SourceTitle "EXT 2022"]
[Source "ChessBase"]
[SourceDate "2021.10.06"]
[SourceVersion "1"]
[SourceVersionDate "2021.10.06"]
[SourceQuality "1"]

1. e4 c5 2. Nf3 d6 3. c3 Nf6 4. h3 Nc6 5. Bd3 d5 6. exd5 Nxd5 7. Bb5 Qc7 8. 0-0 e6 9. d4 a6 10. Bxc6+ Qxc6 11. c4 Nf6 12. Be3 Be7 13. Nc3 0-0 14. Qb3 Bd7 15. dxc5 Bxc5 16. Ne5 Qc7 17. Bxc5 Qxc5 18. Nxd7 Nxd7 19. Qxb7 Nb6 20. b3 Rfb8 21. Qe4 a5 22. Nb5 a4 23. Rfc1 Nc8 24. Qd4 Qxd4 25. Nxd4 Nd6 26. c5 axb3 27. axb3 Rxa1 28. Rxa1 Ne4 29. Nc6 Re8 30. b4 Kf8 31. f3 Nc3 32. Ra3 Nd5 33. b5 Rc8 34. b6 1-0

[Event "Mississauga Golden Horseshoe op"]
[Site "Mississauga"]
[Date "2018.06.02"]
[Round "3"]
[White "Papneja, Arul"]
[Black "Issani, Nameer"]
[Result "0-1"]
[WhiteElo "1683"]
[BlackElo "2020"]
[PlyCount "80"]
[EventDate "2018.06.02"]
[EventType "swiss"]
[EventRounds "5"]
[EventCountry "CAN"]
[SourceTitle "EXT 2019"]
[Source "ChessBase"]
[SourceDate "2018.10.10"]
[SourceVersion "1"]
[SourceVersionDate "2018.10.10"]
[SourceQuality "1"]

1. d4 Nf6 2. Nf3 e6 3. Bf4 d5 4. e3 Nbd7 5. Nbd2 b6 6. Bd3 Bb7 7. 0-0 Be7 8. Ne5 0-0 9. Qe2 c5 10. c3 a6 11. a4 Nxe5 12. dxe5 Nd7 13. e4 c4 14. Bc2 Nc5 15. exd5 exd5 16. Be3 Ne6 17. Rad1 Qc7 18. f4 f5 19. Nf3 Bc5 20. Nd4 Bxd4 21. Bxd4 b5 22. Qh5 g6 23. Qh3 Qd7 24. Kh1 bxa4 25. Be3 Qb5 26. Bc1 Rad8 27. Rd4 Nxd4 28. cxd4 Bc8 29. Qc3 Bd7 30. Rf3 Rb8 31. h4 Qb4 32. h5 Rb6 33. hxg6 hxg6 34. Qe3 Qe7 35. g4 fxg4 36. Rg3 Bf5 37. Bxa4 Qh4+ 38. Kg1 Rf7 39. Rg2 Rh7 40. Kf1 Bd3+ 0-1

[Event "Ontario-ch U20"]
[Site "Mississauga"]
[Date "2018.01.28"]
[Round "5"]
[White "Papneja, Arul"]
[Black "Vettese, Nicholas"]
[Result "0-1"]
[WhiteElo "1920"]
[BlackElo "2295"]
[PlyCount "68"]
[EventDate "2018.01.27"]
[EventType "swiss"]
[EventRounds "5"]
[EventCountry "CAN"]
[SourceTitle "EXT 2022"]
[Source "ChessBase"]
[SourceDate "2021.10.06"]
[SourceVersion "1"]
[SourceVersionDate "2021.10.06"]
[SourceQuality "1"]

1. e4 c5 2. Nf3 d6 3. d4 cxd4 4. Nxd4 Nf6 5. f3 e5 6. Nb3 Nc6 7. c4 Be7 8. Be3 Be6 9. Be2 0-0 10. 0-0 a5 11. Na3 a4 12. Nd2 Nd4 13. Bxd4 exd4 14. Nb5 Ne8 15. Kh1 Bf6 16. Bd3 Nc7 17. Nxc7 Qxc7 18. Rc1 Qa5 19. Nb1 Rfc8 20. Na3 Rc6 21. Qe2 Rac8 22. Rc2 Qh5 23. Qf2 g5 24. g3 Kh8 25. Rfc1 Rb6 26. Nb5 Kg8 27. f4 gxf4 28. gxf4 Kf8 29. Be2 Bg4 30. Bxg4 Qxg4 31. Nxd4 Bxd4 32. Qxd4 Qf3+ 33. Kg1 Ke7 34. Qxb6 Rg8+ 0-1

[Event "CAN-ch U14"]
[Site "Sault Ste Marie"]
[Date "2017.07.09"]
[Round "6.31"]
[White "Talukdar, Rohan Shyam"]
[Black "Papneja, Arul"]
[Result "1-0"]
[WhiteElo "2265"]
[BlackElo "1682"]
[PlyCount "69"]
[EventDate "2017.07.06"]
[EventType "swiss"]
[EventRounds "7"]
[EventCountry "CAN"]
[SourceTitle "EXT 2022"]
[Source "ChessBase"]
[SourceDate "2021.10.06"]
[SourceVersion "1"]
[SourceVersionDate "2021.10.06"]
[SourceQuality "1"]

1. e4 c5 2. Nc3 d6 3. f4 a6 4. g3 e6 5. Bg2 Nf6 6. Nf3 Be7 7. 0-0 0-0 8. d3 Nc6 9. Qe2 Qc7 10. Nd1 d5 11. Nf2 d4 12. g4 Re8 13. g5 Nd7 14. Ng4 b5 15. h4 Bb7 16. Bh3 Bf8 17. Qg2 c4 18. h5 g6 19. Nfe5 Ncxe5 20. fxe5 cxd3 21. cxd3 Re7 22. Bf4 Rc8 23. Rac1 Qd8 24. Qh2 Nc5 25. Rcd1 Rcc7 26. Rf2 Qc8 27. Nf6+ Kh8 28. Bg4 Na4 29. Nxh7 f5 30. exf6 Rxh7 31. Bxc7 Kg8 32. Be5 Bb4 33. hxg6 Rxh2 34. f7+ Kf8 35. g7+ 1-0

[Event "Calgary Schleinich Memorial-B"]
[Site "Calgary"]
[Date "2017.01.07"]
[Round "3.7"]
[White "Papneja, Arul"]
[Black "Zhao, Ian"]
[Result "0-1"]
[WhiteElo "1457"]
[BlackElo "1803"]
[PlyCount "68"]
[EventDate "2017.01.06"]
[EventType "tourn"]
[EventRounds "5"]
[EventCountry "CAN"]
[SourceTitle "EXT 2022"]
[Source "ChessBase"]
[SourceDate "2021.10.06"]
[SourceVersion "1"]
[SourceVersionDate "2021.10.06"]
[SourceQuality "1"]

1. e4 e5 2. Nf3 Nc6 3. d4 exd4 4. Nxd4 Bc5 5. Nb3 Bb6 6. Nc3 Nf6 7. Bg5 d6 8. Bb5 h6 9. Bh4 Bd7 10. Qe2 a6 11. Bc4 g5 12. Bg3 Qe7 13. 0-0-0 0-0-0 14. Rhe1 Ne5 15. Bxe5 dxe5 16. Nd5 Nxd5 17. exd5 f6 18. Rd2 Qd6 19. Kb1 Kb8 20. f3 Rde8 21. Qd1 f5 22. Rde2 Ba7 23. Nd2 Re7 24. Bb3 b5 25. c4 Rhe8 26. Qc2 Bc5 27. h3 Rf8 28. g4 Bd4 29. Rc1 c5 30. a3 Ree8 31. Ba2 Rc8 32. Qb3 Ka7 33. Ka1 Rb8 34. Qd3 Bxb2+ 0-1